[Event "Titled Tuesday intern op 06th Sep Early"]
[Site "Chess.com INT"]
[Date "2022.09.06"]
[Round "2"]
[White "Todev, Simeon"]
[Black "Griggs, Walker K"]
[Result "1-0"]
[WhiteElo "2084"]
[BlackElo "2238"]
[PlyCount "21"]
[EventDate "2022.09.06"]
[EventType "swiss (blitz)"]
[EventRounds "11"]
[EventCountry "USA"]
[SourceTitle "EXT 2023"]
[Source "ChessBase"]
[SourceDate "2022.10.05"]
[SourceVersion "1"]
[SourceVersionDate "2022.10.05"]
[SourceQuality "1"]

1. e4 Nf6 2. Nc3 e5 3. Nf3 Nc6 4. d4 exd4 5. Nxd4 Bb4 6. Nxc6 bxc6 7. Bd3 0-0 8. 0-0 Re8 9. Bg5 d5 10. exd5 cxd5 11. Bxf6 1-0

[Event "Titled Tuesday intern op 15 Mar Early"]
[Site "Chess.com INT"]
[Date "2022.03.15"]
[Round "3"]
[White "Griggs, Walker K"]
[Black "Weetik, Vjacheslav"]
[Result "0-1"]
[WhiteElo "2238"]
[BlackElo "2423"]
[PlyCount "60"]
[EventDate "2022.03.15"]
[EventType "swiss (blitz)"]
[EventRounds "11"]
[EventCountry "USA"]
[SourceTitle "CBM 207 Extra"]
[Source "ChessBase"]
[SourceDate "2022.05.31"]
[SourceVersion "1"]
[SourceVersionDate "2022.05.31"]
[SourceQuality "1"]

1. e4 c6 2. d4 d5 3. Nd2 dxe4 4. Nxe4 Nf6 5. Nxf6+ exf6 6. c3 Bd6 7. Bd3 0-0 8. Qf3 Re8+ 9. Ne2 Nd7 10. 0-0 Nf8 11. Bf4 Ng6 12. Bxd6 Qxd6 13. Rfe1 Be6 14. Qg3 Qd8 15. Nf4 Nxf4 16. Qxf4 Qb6 17. b3 Qa5 18. Re3 Qg5 19. Qxg5 fxg5 20. Rae1 Red8 21. Re5 h6 22. Bf5 Bxf5 23. Rxf5 Re8 24. Rxe8+ Rxe8 25. Kf1 Kf8 26. c4 Re4 27. d5 c5 28. d6 b6 29. Rd5 Ke8 30. d7+ Kd8 0-1

[Event "Titled Tuesday intern op 14th July"]
[Site "Chess.com INT"]
[Date "2020.07.14"]
[Round "5"]
[White "Griggs, Walker K"]
[Black "Egorov, Evgeni"]
[Result "0-1"]
[WhiteElo "2238"]
[BlackElo "2314"]
[PlyCount "68"]
[EventDate "2020.07.14"]
[EventType "swiss (blitz)"]
[EventRounds "10"]
[EventCountry "USA"]
[SourceTitle "CBM 197 Extra"]
[Source "ChessBase"]
[SourceDate "2020.09.30"]
[SourceVersion "1"]
[SourceVersionDate "2020.09.30"]
[SourceQuality "1"]

1. e4 c5 2. Nf3 Nc6 3. Bb5 g5 4. Bxc6 dxc6 5. Nxg5 Nf6 6. d3 Rg8 7. Qf3 h6 8. e5 hxg5 9. exf6 exf6 10. Nc3 Be6 11. Be3 f5 12. 0-0-0 f4 13. Bd2 Be7 14. h4 gxh4 15. Bxf4 Bg4 16. Qe3 Bxd1 17. Rxd1 Rg6 18. d4 Re6 19. Ne4 Qd5 20. Nc3 Qf5 21. Qf3 0-0-0 22. d5 Bg5 23. Bxg5 Qxg5+ 24. Kb1 Rf6 25. Qh3+ Qf5 26. Qxh4 cxd5 27. Qa4 a6 28. Qa5 Rc6 29. Na4 d4 30. Nb6+ Kb8 31. Nc4 Qd5 32. Ne3 Qd7 33. Nf5 b6 34. g4 bxa5 0-1

[Event "Titled Tuesday intern op 14th July"]
[Site "Chess.com INT"]
[Date "2020.07.14"]
[Round "3"]
[White "Griggs, Walker K"]
[Black "Nitish, Belurkar"]
[Result "0-1"]
[WhiteElo "2238"]
[BlackElo "2351"]
[PlyCount "90"]
[EventDate "2020.07.14"]
[EventType "swiss (blitz)"]
[EventRounds "10"]
[EventCountry "USA"]
[SourceTitle "CBM 197 Extra"]
[Source "ChessBase"]
[SourceDate "2020.09.30"]
[SourceVersion "1"]
[SourceVersionDate "2020.09.30"]
[SourceQuality "1"]

1. e4 d5 2. exd5 Nf6 3. Nf3 Nxd5 4. d4 Bf5 5. Be2 e6 6. 0-0 Be7 7. Re1 0-0 8. c3 c5 9. dxc5 Bxc5 10. Nbd2 Nc6 11. Nb3 Bb6 12. Nfd4 Bg6 13. Nxc6 bxc6 14. Bf3 Qc7 15. a4 a5 16. Nd4 Rad8 17. Bg5 Rd7 18. Bh4 e5 19. Bg3 Re8 20. Qb3 Bxd4 21. cxd4 Rb8 22. Qc4 Rb4 23. Qc5 Rxb2 24. dxe5 Qb7 25. h4 Bf5 26. Qxa5 h6 27. Rec1 Be6 28. Qc5 Nb4 29. Rc3 Bd5 30. Bg4 Rd8 31. a5 Na6 32. Qe3 Qb4 33. Be2 Rxe2 34. Qxe2 Qxc3 35. Rb1 Qxa5 36. e6 Bxe6 37. Be5 Nc5 38. Ra1 Qd2 39. Qh5 Qd5 40. Ra7 Nd3 41. f4 Nxe5 42. fxe5 Qc5+ 43. Kh2 Qxa7 44. Qf3 Qd7 45. Qf4 Qd5 0-1

[Event "Titled Tuesday intern op 14th July"]
[Site "Chess.com INT"]
[Date "2020.07.14"]
[Round "4"]
[White "Zavivaeva, Emilia"]
[Black "Griggs, Walker K"]
[Result "0-1"]
[WhiteElo "1735"]
[BlackElo "2238"]
[PlyCount "60"]
[EventDate "2020.07.14"]
[EventType "swiss (blitz)"]
[EventRounds "10"]
[EventCountry "USA"]
[SourceTitle "CBM 197 Extra"]
[Source "ChessBase"]
[SourceDate "2020.09.30"]
[SourceVersion "1"]
[SourceVersionDate "2020.09.30"]
[SourceQuality "1"]

1. e4 c6 2. d4 d5 3. exd5 cxd5 4. Bd3 Nc6 5. c3 Qc7 6. Be3 Nf6 7. Nd2 e5 8. dxe5 Nxe5 9. Bb5+ Bd7 10. Bxd7+ Qxd7 11. Qe2 Bd6 12. Ngf3 0-0 13. 0-0 Rfe8 14. h3 Ng6 15. Qd3 Ne4 16. Rad1 Qf5 17. Nd4 Qh5 18. c4 Ne5 19. Qc3 Nxd2 20. Bxd2 Nxc4 21. Nf3 Ne5 22. Nxe5 Bxe5 23. Qd3 Rad8 24. Bc3 Bxc3 25. Qxc3 Re4 26. Qd3 Qe2 27. Qb5 Qxb5 28. Rfe1 Rxe1+ 29. Rxe1 d4 30. f3 Qxb2 0-1

[Event "US Open-117"]
[Site "Indianapolis"]
[Date "2016.08.06"]
[Round "8"]
[White "Griggs, Walker K"]
[Black "Kiewra, Keaton F"]
[Result "1/2-1/2"]
[WhiteElo "2249"]
[BlackElo "2430"]
[PlyCount "69"]
[EventDate "2016.07.30"]
[EventType "swiss"]
[EventRounds "9"]
[EventCountry "USA"]
[SourceTitle "CBM 173 Extra"]
[Source "ChessBase"]
[SourceDate "2016.08.29"]
[SourceVersion "1"]
[SourceVersionDate "2016.08.29"]
[SourceQuality "1"]

1. e4 c5 2. Nf3 e6 3. d4 cxd4 4. Nxd4 Nc6 5. Nc3 a6 6. Nxc6 bxc6 7. Bd3 d5 8. 0-0 Nf6 9. Bg5 Be7 10. e5 Nd7 11. Bxe7 Qxe7 12. Qh5 c5 13. b3 Bb7 14. f4 g6 15. Qe2 h5 16. Nd1 Kf8 17. c4 d4 18. Nf2 Kg7 19. Be4 Bxe4 20. Nxe4 a5 21. Rae1 a4 22. Nd6 Ra6 23. Qd2 axb3 24. axb3 Qd8 25. b4 Qa8 26. f5 gxf5 27. b5 Ra2 28. Qg5+ Kf8 29. Nxf5 exf5 30. Rxf5 Ra1 31. Rxf7+ Kxf7 32. e6+ Kf8 33. Qf5+ Kg7 34. Qg5+ Kf8 35. Qf5+ 1/2-1/2

[Event "US Open-117"]
[Site "Indianapolis"]
[Date "2016.08.05"]
[Round "7"]
[White "Banerjee, Abhimanyu"]
[Black "Griggs, Walker K"]
[Result "0-1"]
[WhiteElo "1955"]
[BlackElo "2249"]
[PlyCount "66"]
[EventDate "2016.07.30"]
[EventType "swiss"]
[EventRounds "9"]
[EventCountry "USA"]
[SourceTitle "CBM 173 Extra"]
[Source "ChessBase"]
[SourceDate "2016.08.29"]
[SourceVersion "1"]
[SourceVersionDate "2016.08.29"]
[SourceQuality "1"]

1. e4 Nf6 2. e5 Nd5 3. c4 Nb6 4. c5 Nd5 5. Bc4 e6 6. Nc3 Nxc3 7. dxc3 Nc6 8. Bf4 Bxc5 9. h4 d5 10. Bd3 Qe7 11. Qg4 f6 12. Nf3 Bd7 13. 0-0 a5 14. b3 0-0-0 15. a3 Bb6 16. b4 Rdg8 17. Bh2 f5 18. Qf4 h6 19. c4 g5 20. Qd2 dxc4 21. Bxc4 g4 22. Ne1 g3 23. Nf3 gxh2+ 24. Kxh2 Rg4 25. Rfc1 Rhg8 26. Qxh6 Nd4 27. Kh3 Bc6 28. b5 Bxf3 29. gxf3 R4g6 30. Qh5 Nxf3 31. Be2 Qxh4+ 32. Qxh4 Nxh4 33. Rc4 Ng2 0-1

[Event "Titled Tuesday intern op1 2nd Aug"]
[Site "Chess.com INT"]
[Date "2016.08.02"]
[Round "4"]
[White "Griggs, Walker K"]
[Black "Arnold, Ken"]
[Result "1-0"]
[WhiteElo "2249"]
[BlackElo "2186"]
[PlyCount "103"]
[EventDate "2016.08.02"]
[EventType "swiss (blitz)"]
[EventRounds "9"]
[EventCountry "USA"]
[SourceTitle "EXT 2021"]
[Source "ChessBase"]
[SourceDate "2020.10.23"]
[SourceVersion "1"]
[SourceVersionDate "2020.10.23"]
[SourceQuality "1"]

1. e4 c6 2. d4 d5 3. Nc3 dxe4 4. Nxe4 Bf5 5. Nc5 b6 6. Nb3 Nf6 7. Nf3 e6 8. g3 Bd6 9. Bg2 0-0 10. 0-0 Qc7 11. c4 Nbd7 12. Re1 Rac8 13. Be3 c5 14. Rc1 Rfd8 15. h3 Be4 16. Nbd2 Ba8 17. Qe2 Nf8 18. dxc5 Bxc5 19. Bf4 Bd6 20. Bxd6 Qxd6 21. Nb3 Qd3 22. Qxd3 Rxd3 23. Ne5 Rd6 24. Bxa8 Rxa8 25. c5 bxc5 26. Nxc5 Rb6 27. b3 a5 28. Na4 Rd6 29. Rc7 N6d7 30. Nc4 Rd4 31. Kg2 h6 32. Nc3 Rd3 33. Na4 g5 34. Re3 Rxe3 35. fxe3 Ra6 36. Kf3 Kg7 37. e4 Kf6 38. Ke3 Ne5 39. Nxe5 Kxe5 40. Nc5 Ra8 41. Rxf7 Ng6 42. Nd3+ Kd6 43. Rh7 Ne5 44. Rxh6 Nxd3 45. Kxd3 a4 46. Rg6 axb3 47. axb3 Ra3 48. Rxg5 Rxb3+ 49. Ke2 Rb2+ 50. Kf3 Rb3+ 51. Kf4 Rb4 52. Ra5 1-0

[Event "Titled Tuesday intern op1 2nd Aug"]
[Site "Chess.com INT"]
[Date "2016.08.02"]
[Round "5"]
[White "Griggs, Walker K"]
[Black "Priyadharshan, Kannappan"]
[Result "1/2-1/2"]
[WhiteElo "2249"]
[BlackElo "2514"]
[PlyCount "207"]
[EventDate "2016.08.02"]
[EventType "swiss (blitz)"]
[EventRounds "9"]
[EventCountry "USA"]
[SourceTitle "EXT 2021"]
[Source "ChessBase"]
[SourceDate "2020.10.23"]
[SourceVersion "1"]
[SourceVersionDate "2020.10.23"]
[SourceQuality "1"]

1. e4 e5 2. Nf3 d6 3. d4 exd4 4. Nxd4 Nf6 5. Nc3 Be7 6. Bc4 0-0 7. Bb3 Nbd7 8. 0-0 Nc5 9. Qf3 Nxb3 10. axb3 Re8 11. Nf5 Bxf5 12. Qxf5 h6 13. Be3 a6 14. Rad1 Qc8 15. Qa5 Bf8 16. f3 b6 17. Qa4 Qd7 18. Qc4 a5 19. Bd4 Nh7 20. Nd5 Rac8 21. Bf2 Be7 22. e5 Bf8 23. Rfe1 b5 24. Qc3 b4 25. Qc4 Qf5 26. Nxc7 Rxe5 27. Bb6 Nf6 28. Qa6 Rb8 29. c3 bxc3 30. bxc3 Qc8 31. Qxc8 Rxc8 32. Rxe5 dxe5 33. Bxa5 Bc5+ 34. Kf1 e4 35. b4 Be3 36. b5 Rb8 37. c4 exf3 38. gxf3 Kf8 39. Na6 Rc8 40. c5 Bf4 41. c6 Ne8 42. Rd8 Rxd8 43. Bxd8 Nd6 44. b6 Ke8 45. c7 Kd7 46. Nc5+ Kc8 47. Be7 Nb7 48. Nxb7 Kxb7 49. Kg2 Be3 50. Bf8 g6 51. Kg3 h5 52. Bd6 Bxb6 53. Kf4 Bxc7 54. Ke5 Bd8 55. f4 Kc6 56. Ba3 Kd7 57. h3 Bc7+ 58. Ke4 Ke6 59. Bb2 Bb8 60. Bd4 Bc7 61. Bc3 Bd8 62. Bd4 Bf6 63. Bc5 Bd8 64. Bd4 f5+ 65. Kf3 Kd5 66. Be5 Kc4 67. Bd6 Kd3 68. Be5 Kd2 69. Bd4 Ke1 70. Bf2+ Kf1 71. Be3 Bh4 72. Bd4 Be7 73. Be3 Ke1 74. Bd4 Kd2 75. Be3+ Kd3 76. Bb6 Bf6 77. Be3 Bd4 78. Bc1 Kc2 79. Ba3 Kd1 80. Bb4 Bb6 81. Bc3 Kc2 82. Bb4 Kd3 83. Be1 Bc5 84. Ba5 Bd4 85. Bb4 Bc3 86. Bc5 Kd2 87. Be3+ Kc2 88. Bf2 Kd1 89. Bc5 Be1 90. Be3 Bh4 91. Bc5 Ke1 92. Be3 Kf1 93. Bd4 Be7 94. Be3 Bd8 95. Bd4 g5 96. fxg5 Bxg5 97. Bc5 Ke1 98. Bf2+ Kd2 99. Bg3 Kd3 100. Bf4 Be7 101. Bc7 Bg5 102. Bf4 Bd8 103. Bb8 Bg5 104. Bf4 1/2-1/2

[Event "Titled Tuesday intern op 2nd May"]
[Site "Chess.com INT"]
[Date "2015.05.05"]
[Round "5"]
[White "Griggs, Walker K"]
[Black "Zaksaite, Salomeja"]
[Result "1/2-1/2"]
[WhiteElo "2310"]
[BlackElo "2203"]
[PlyCount "145"]
[EventDate "2015.05.05"]
[EventType "swiss (blitz)"]
[EventRounds "9"]
[EventCountry "USA"]
[SourceTitle "EXT 2021"]
[Source "ChessBase"]
[SourceDate "2020.10.23"]
[SourceVersion "1"]
[SourceVersionDate "2020.10.23"]
[SourceQuality "1"]

1. e4 c5 2. Nf3 e6 3. d4 cxd4 4. Nxd4 Nf6 5. Nc3 Nc6 6. Be2 Bb4 7. 0-0 Bxc3 8. bxc3 Nxe4 9. Qd3 d5 10. Ba3 Qa5 11. Nb5 a6 12. Nd6+ Nxd6 13. Bxd6 Qd8 14. Qg3 Qf6 15. Rad1 Bd7 16. Rfe1 0-0-0 17. c4 dxc4 18. Bxc4 e5 19. Bxe5 Nxe5 20. Rxe5 Bc6 21. Rde1 Rhe8 22. Rxe8 Rxe8 23. Rxe8+ Bxe8 24. h3 Bc6 25. Kh2 g6 26. Qe3 h5 27. f4 h4 28. Qe5 Qxe5 29. fxe5 Be4 30. c3 Kd8 31. Bxf7 Ke7 32. Bb3 b5 33. g3 g5 34. gxh4 gxh4 35. Kg1 a5 36. a3 a4 37. Ba2 Bd3 38. Kf2 Bf5 39. Kg2 Be6 40. Bxe6 Kxe6 41. Kf3 Kxe5 42. Kg4 Kd5 43. Kxh4 Kc4 44. Kg5 Kxc3 45. h4 b4 46. h5 b3 47. h6 b2 48. h7 b1Q 49. h8Q+ Kb3 50. Qb8+ Ka2 51. Qb4 Qc1+ 52. Kf5 Qxa3 53. Qb5 Qb3 54. Qe2+ Qb2 55. Qe6+ Qb3 56. Qe2+ Qb2 57. Qe6+ Ka1 58. Kf4 a3 59. Qe1+ Ka2 60. Qe6+ Qb3 61. Qe2+ Qb2 62. Qe6+ Kb1 63. Qe4+ Qc2 64. Qb4+ Ka2 65. Qb5 Qc1+ 66. Kf3 Qb2 67. Qc6 Ka1 68. Ke3 Qb3+ 69. Kd2 Qb2+ 70. Kd1 a2 71. Qc1+ Qb1 72. Kd2 Qxc1+ 73. Kxc1 1/2-1/2

[Event "Titled Tuesday intern op 2nd May"]
[Site "Chess.com INT"]
[Date "2015.05.05"]
[Round "4"]
[White "Manolache, Marius"]
[Black "Griggs, Walker K"]
[Result "1-0"]
[WhiteElo "2498"]
[BlackElo "2310"]
[PlyCount "59"]
[EventDate "2015.05.05"]
[EventType "swiss (blitz)"]
[EventRounds "9"]
[EventCountry "USA"]
[SourceTitle "EXT 2021"]
[Source "ChessBase"]
[SourceDate "2020.10.23"]
[SourceVersion "1"]
[SourceVersionDate "2020.10.23"]
[SourceQuality "1"]

1. d4 Nf6 2. Bg5 g6 3. Bxf6 exf6 4. e3 Bg7 5. Ne2 f5 6. g3 0-0 7. Bg2 d6 8. 0-0 Nd7 9. c4 Nf6 10. Nbc3 h5 11. b4 h4 12. Nd5 Ng4 13. f3 Nf6 14. Rc1 Re8 15. Rc3 Bh6 16. Nxf6+ Qxf6 17. f4 Kg7 18. Kf2 g5 19. c5 c6 20. cxd6 Qxd6 21. a3 Be6 22. Rc5 g4 23. Qd3 h3 24. Bh1 Kg6 25. Rfc1 Bg7 26. b5 cxb5 27. Qxb5 b6 28. Rc6 Qe7 29. d5 a6 30. Qb4 1-0

[Event "Chicago op 22nd"]
[Site "Wheeling"]
[Date "2013.05.26"]
[Round "7"]
[White "Kekelidze, Mikheil"]
[Black "Griggs, Walker K"]
[Result "1-0"]
[WhiteElo "2509"]
[BlackElo "2202"]
[PlyCount "63"]
[EventDate "2013.05.23"]
[EventType "swiss"]
[EventRounds "9"]
[EventCountry "USA"]
[SourceTitle "CBM 154 Extra"]
[Source "ChessBase"]
[SourceDate "2013.06.25"]
[SourceVersion "2"]
[SourceVersionDate "2013.06.25"]
[SourceQuality "1"]

1. d4 Nf6 2. Bg5 c5 3. d5 Qb6 4. Nc3 Qxb2 5. Bd2 Qb6 6. e4 d6 7. f4 e5 8. Bb5+ Bd7 9. Bxd7+ Nbxd7 10. f5 h5 11. Nf3 a6 12. a4 Be7 13. 0-0 c4+ 14. Kh1 Qc7 15. Qe2 0-0 16. Ng5 Rfb8 17. a5 b5 18. axb6 Rxb6 19. h3 Rb2 20. Bc1 Rb7 21. g4 Qd8 22. Nxf7 Kxf7 23. g5 h4 24. gxf6 Nxf6 25. Bg5 Qh8 26. Bxf6 Bxf6 27. Nd1 Qc8 28. Ne3 Qc5 29. Qh5+ Ke7 30. Ng4 Rg8 31. Rg1 Rbb8 32. Nxf6 1-0